000 01059nam a2200313 i 4500
003 EG-GICUC
005 20260426091505.0
008 260426s1995 en fr|||| 00| 0 eng d
040 _aEG-GiCUC
_beng
_cEG-GiCUC
_dEG-GiCUC
_erda
041 _aeng
082 0 4 _221
_a343.52
_bDA . C
092 0 4 _221
099 _aLaw1 10 343.52 DA . C 1995
100 1 _a Darwish, Abdelkarim A.,
_eAuthor.
245 1 0 _aCrimes Against Aircraft :
_bLaw And Policy Perspectives /
_cBy Dr. Abdelkarim A. Darwish.
264 1 _aCairo :
_bThe African Police Bulletin,
_c1995.
300 _a209 pages :
_btables,
_c24 cm
336 _2rda content
_atext
337 _2rda media
_aComputer
338 _2rda carrier
_aOnline Resource
504 _aComprend des références bibliographiques.
546 _aText in English
650 1 _aCriminal law
_2qrmak
651 1 _2qrmak
710 2 _aThe African Police Bulletin (Cairo, Egypt),
_e Issuing Body.
856 4 0 _uhttps://fll.law.cu.edu.eg/fulltext/bks/B10-10674.pdf
905 _a167
942 _2ddc
_cBK
_e21
_n0
999 _c73405
_d73405